000
00346nam a2200133 a 4500
005
20140414131856.0
008
100828s19uu xx 00 eng d
050
_a
FIL
_b
T13 2009
100
_a
Vibiesca, Renato
245
_a
Taho, taho, taho... tahoooieyy!.
260
_a
Manila, Philippines :
_b
Lampara,
_c
2009.
440
_a
999
_c
110471
_d
110471